| 000 | 01501aam a2200325 i 4500 | ||
|---|---|---|---|
| 001 | 768714001 | ||
| 003 | CO-MdFUSB | ||
| 005 | 20240716083456.0 | ||
| 007 | ta | ||
| 008 | 230419t1862 ck |||| |||| 00| 0 spa d | ||
| 020 | _a9789587231717 | ||
| 040 |
_bspa. _aCO-MdFUSB _cCO-MdFUSB _dCO-MdFUSBC _erda |
||
| 041 | _aspa | ||
| 082 | 0 | 4 |
_a843.7 _223 _bH895m |
| 100 | 1 |
_aHugo, Víctor (1802-1885) _eautor |
|
| 240 | _aLes miserables | ||
| 245 | 4 |
_aLos miserables _c/ Víctor Hugo ; traducido por Aurora Alemany |
|
| 264 | 1 |
_aColombia : _bSkla, _c[1862] |
|
| 264 | 4 | _c© 1862 | |
| 300 |
_a1120 páginas _c; 21 cm |
||
| 336 |
_2rdacontent _atexto _btxt |
||
| 337 |
_2rdamedia _asin mediación _bn |
||
| 338 |
_2rdacarrier _avolumen _bnc |
||
| 520 | _aLos miserables es una novela histórica de Víctor Hugo, publicada en 1862. La historia se enmarca en el período de la restauración de la monarquía francesa, que tuvo lugar en la primera mitad del siglo XIX. Su tema gira en torno al bien, el mal, la ética, la justicia y la fe. La novela examina los valores vigentes en la sociedad francesa de mediados del siglo XIX y reflexiona sobre la naturaleza humana frente a la adversidad. Para ello, cuenta la historia de un expresidiario que desea reformarse. Los miserables se estructura en cinco volúmenes, cada uno dividido en diversos libros. | ||
| 563 | _aRústico | ||
| 650 | 7 |
_92654 _aLiteratura francesa |
|
| 700 |
_98138 _aAlemany, Aurora, _etraductor |
||
| 942 | _cBK | ||
| 945 | _aJTF-925 | ||
| 999 |
_c42254 _d42254 |
||